00229nam a2200097Ia 4500100002400000654001200024245003500036260004000071300000800111546001200119 aSen/& Bhattacharya  aMachine aPrinciples of Machine Tools I bNew central book agencyaNONEc1967 a954 aENGLISH